Gewürze - Statistiken

Allgemein
  • Dieses Quiz wurde 297 mal gespielt
  • Das Durchschnittsergebnis liegt bei 13 aus 32
Antwortstatistiken
Antwort % Korrekt
Pfeffer
97%
Salz
95%
Oregano
71%
Zimt
64%
Basilikum
62%
Kümmel
61%
Thymian
61%
Kurkuma
56%
Chili
55%
Knoblauch
52%
Muskat
49%
Rosmarin
47%
Anis
42%
Koriander
42%
Majoran
39%
Ingwer
38%
Lorbeer
37%
Safran
36%
Salbei
36%
Dill
35%
Nelken
33%
Kreuzkümmel
32%
Fenchel
28%
Piment
23%
Paprika Edelsüß
22%
Cayennepfeffer
19%
Estragon
18%
Kardamon
17%
Paprika Rosenscharf
15%
Wacholderbeeren
11%
Bärlauch
10%
Bockshornklee
5%
Keine übereinstimmenden Quizze gefunden
Verteilung der Resultate
Anzahl Personen mit jedem Resultat
Perzentil nach korrekt beantworteten Fragen
Ihre Resultats-Entwicklung
Sie haben dieses Quiz noch nicht gespielt